| 000 | 00527nas a2200205 4500 | ||
|---|---|---|---|
| 001 | BR9509261 | ||
| 003 | BR-BrBNA | ||
| 005 | 20231205094541.0 | ||
| 007 | ta | ||
| 008 | 230509b bl.|||p| |||| 00| 00por d | ||
| 040 |
_aBR-BrBNA _bpor _cBiblioteca Nacional de Agricultura |
||
| 041 | _a(Pt) | ||
| 072 | _aF70 | ||
| 100 | 1 | _aSilva, S. | |
| 245 | 1 | _aSapoti | |
| 650 | _aSapoti | ||
| 773 | 0 |
_tNatureza (Brazil) _x _g(Oct 1993), v. 6(69) p. 36-39 _wBR9509261 |
|
| 909 |
_a202311 _bLúcia _c55 _dLúcia Elande |
||
| 942 |
_2AGRIS _n0 _cANA |
||
| 999 |
_c145180 _d145180 |
||